[Event "AZE-ch U20 Girls"]
[Site "Baku"]
[Date "2004.02.05"]
[Round "?"]
[White "Bakhtiyarly, Aysel Anvar Qizi"]
[Black "Shukurova, Meihriban"]
[Result "0-1"]
[WhiteElo "1929"]
[BlackElo "2281"]
[PlyCount "81"]
[EventDate "2004.01.??"]
[EventType "tourn"]
[EventRounds "11"]
[EventCountry "AZE"]
[SourceTitle "EXT 2005"]
[Source "ChessBase"]
[SourceDate "2004.11.15"]
[SourceVersion "1"]
[SourceVersionDate "2004.11.15"]
[SourceQuality "1"]

1. e4 d6 2. d4 Nf6 3. Nc3 e5 4. d5 g6 5. f3 Bg7 6. Be3 0-0 7. Qd2 a6 8. 0-0-0 Nbd7 9. Bh6 Nh5 10. Nge2 b5 11. g4 Nf4 12. Bxg7 Nxe2+ 13. Nxe2 Kxg7 14. h4 h6 15. Ng3 Nc5 16. Be2 Bd7 17. f4 exf4 18. Qxf4 f6 19. Rhg1 Qe7 20. Rg2 Qe5 21. Qxe5 fxe5 22. h5 g5 23. Nf5+ Bxf5 24. exf5 e4 25. Rg3 Kf6 26. Re3 Rfe8 27. b3 Rab8 28. Re1 Re5 29. Bf1 a5 30. Rd1 b4 31. Rd4 Ra8 32. Bg2 Rae8 33. Kb2 Nd7 34. Rexe4 Rxe4 35. Bxe4 Nc5 36. Bf3 Re3 37. Bg2 Rg3 38. Bh1 Ke5 39. Rd1 Rxg4 40. Rf1 Kf6 41. Re1 0-1

[Event "Sharjah op"]
[Site "Sharjah"]
[Date "2003.09.02"]
[Round "7"]
[White "Shukurova, Meihriban"]
[Black "Kotsur, Pavel"]
[Result "1/2-1/2"]
[WhiteElo "2244"]
[BlackElo "2540"]
[PlyCount "96"]
[EventDate "2003.08.27"]
[EventType "swiss"]
[EventRounds "9"]
[EventCountry "UAE"]
[SourceTitle "EXT 2004"]
[Source "ChessBase"]
[SourceDate "2003.11.25"]
[SourceVersion "1"]
[SourceVersionDate "2003.11.25"]
[SourceQuality "1"]

1. e4 c5 2. Nc3 Nc6 3. g3 g6 4. Bg2 Bg7 5. d3 d6 6. f4 Nf6 7. Nf3 0-0 8. 0-0 Rb8 9. h3 b5 10. g4 b4 11. Ne2 a5 12. a4 bxa3 13. Rxa3 Nd7 14. b3 e6 15. Bd2 d5 16. Bc3 dxe4 17. Bxg7 Kxg7 18. dxe4 e5 19. fxe5 Re8 20. Qd5 Bb7 21. Ng5 Qxg5 22. Rxf7+ Kh8 23. Qxd7 Re7 24. Rxe7 Nxe7 25. Qc7 Nc6 26. Kh2 h5 27. e6 hxg4 28. Qg3 Re8 29. Qxg4 Qe5+ 30. Qg3 Rxe6 31. Nf4 Rd6 32. Nd3 Qxg3+ 33. Kxg3 c4 34. bxc4 Rd4 35. Nc5 Bc8 36. Nb3 Rxc4 37. Nxa5 Nxa5 38. Rxa5 Rxc2 39. Ra7 Kg8 40. h4 Kf8 41. Bf3 Be6 42. Kf4 Rf2 43. Ke5 Rxf3 44. Kxe6 Rf4 45. e5 Rxh4 46. Kf6 Rf4+ 47. Kxg6 Ke8 48. Kg5 Rf1 1/2-1/2

[Event "Wch U20 Girls"]
[Site "Nakhchivan"]
[Date "2003.07.02"]
[Round "10"]
[White "Morales Mendoza, Luciana"]
[Black "Shukurova, Meihriban"]
[Result "0-1"]
[WhiteElo "2051"]
[BlackElo "2250"]
[PlyCount "78"]
[EventDate "2003.06.22"]
[EventType "swiss"]
[EventRounds "11"]
[EventCountry "AZE"]
[SourceTitle "EXT 2004"]
[Source "ChessBase"]
[SourceDate "2003.11.25"]
[SourceVersion "1"]
[SourceVersionDate "2003.11.25"]
[SourceQuality "1"]

1. e4 d6 2. d4 Nf6 3. Nc3 e5 4. dxe5 dxe5 5. Qxd8+ Kxd8 6. Bc4 Be6 7. Bxe6 fxe6 8. Nf3 Bd6 9. Be3 Ke7 10. 0-0-0 Nc6 11. Nd2 Ng4 12. Bg5+ Kd7 13. Rdf1 h6 14. Bh4 g5 15. Bg3 Nf6 16. f3 Raf8 17. Nc4 Nh5 18. Rd1 Nxg3 19. hxg3 Ke7 20. Nxd6 cxd6 21. Nb5 Rd8 22. Rh5 a6 23. Nc3 Kf6 24. Rdh1 Kg6 25. Nd1 Nd4 26. Kd2 d5 27. c3 Nb5 28. exd5 exd5 29. Nf2 Nd6 30. Ng4 Nf7 31. a4 b5 32. a5 d4 33. b4 Rd5 34. R5h2 dxc3+ 35. Kxc3 Rc8+ 36. Kb3 Rd3+ 37. Kb2 Rd2+ 38. Kb3 Rdc2 39. Nxe5+ Kg7 0-1

[Event "Wch U20 Girls"]
[Site "Nakhchivan"]
[Date "2003.06.28"]
[Round "6"]
[White "Topel, Zehra"]
[Black "Shukurova, Meihriban"]
[Result "1-0"]
[WhiteElo "2092"]
[BlackElo "2250"]
[PlyCount "95"]
[EventDate "2003.06.22"]
[EventType "swiss"]
[EventRounds "11"]
[EventCountry "AZE"]
[SourceTitle "EXT 2004"]
[Source "ChessBase"]
[SourceDate "2003.11.25"]
[SourceVersion "1"]
[SourceVersionDate "2003.11.25"]
[SourceQuality "1"]

1. d4 Nf6 2. Nf3 g6 3. c4 Bg7 4. Nc3 0-0 5. e4 d6 6. Be2 e5 7. 0-0 exd4 8. Nxd4 Re8 9. f3 Nc6 10. Be3 Nh5 11. Nxc6 bxc6 12. Bd4 Bxd4+ 13. Qxd4 Nf4 14. Kh1 Qg5 15. g3 Ne6 16. Qd1 Rb8 17. Rb1 a5 18. f4 Qc5 19. f5 Ng5 20. Bd3 Qe3 21. Qg4 Qxd3 22. Qxg5 Rxe4 23. fxg6 hxg6 24. Qd8+ Kg7 25. Qf6+ Kh6 26. Qh8+ Kg5 27. Nxe4+ Qxe4+ 28. Kg1 Bf5 29. Qxb8 Qd4+ 30. Rf2 Bxb1 31. Qd8+ Kh5 32. Qf6 Qxf6 33. Rxf6 Bxa2 34. Rxf7 Bxc4 35. Rxc7 Bb5 36. Kf2 Kg5 37. Rf7 c5 38. h4+ Kh6 39. g4 Bc4 40. Ra7 g5 41. h5 d5 42. Rxa5 Bb3 43. Rxc5 Kg7 44. Rc6 d4 45. Rg6+ Kf7 46. Rxg5 d3 47. Ke3 Kf6 48. Rg6+ 1-0

[Event "Wch U20 Girls"]
[Site "Nakhchivan"]
[Date "2003.06.26"]
[Round "5"]
[White "Shukurova, Meihriban"]
[Black "Saheli, Nath"]
[Result "1/2-1/2"]
[WhiteElo "2250"]
[BlackElo "2078"]
[PlyCount "71"]
[EventDate "2003.06.22"]
[EventType "swiss"]
[EventRounds "11"]
[EventCountry "AZE"]
[SourceTitle "EXT 2004"]
[Source "ChessBase"]
[SourceDate "2003.11.25"]
[SourceVersion "1"]
[SourceVersionDate "2003.11.25"]
[SourceQuality "1"]

1. e4 e5 2. Nf3 Nc6 3. Bb5 a6 4. Ba4 Nf6 5. d3 b5 6. Bb3 Bc5 7. c3 Bb6 8. Nbd2 0-0 9. 0-0 d6 10. Re1 Ne7 11. Nf1 Ng6 12. Ng3 h6 13. h3 Be6 14. d4 Bxb3 15. axb3 exd4 16. Nxd4 Bxd4 17. cxd4 c5 18. Be3 Qb6 19. dxc5 dxc5 20. b4 Qc6 21. Bxc5 Rfd8 22. Qc2 Nd7 23. Qc3 Nde5 24. Nf5 Rd3 25. Qc1 Rad8 26. h4 Qe6 27. h5 Nf8 28. Qf4 Nh7 29. Ne7+ Kh8 30. Nd5 Ng5 31. Nc7 Nef3+ 32. Kh1 Qd7 33. Rf1 Nd2 34. Rfe1 Ndf3 35. Rf1 Nd2 36. Rfe1 1/2-1/2

[Event "EU-ch (Women) 4th"]
[Site "Istanbul"]
[Date "2003.06.13"]
[Round "10"]
[White "Shukurova, Meihriban"]
[Black "L'Ami, Alina"]
[Result "0-1"]
[WhiteElo "2250"]
[BlackElo "2358"]
[PlyCount "122"]
[EventDate "2003.06.02"]
[EventType "swiss"]
[EventRounds "11"]
[EventCountry "TUR"]
[SourceTitle "CBM 094 Extra"]
[Source "ChessBase"]
[SourceDate "2003.07.09"]
[SourceVersion "2"]
[SourceVersionDate "2003.07.09"]
[SourceQuality "1"]

1. e4 c5 2. d4 cxd4 3. Nf3 d6 4. Nxd4 Nf6 5. Nc3 a6 6. g3 e5 7. Nde2 Be7 8. Bg2 b5 9. 0-0 Bb7 10. a3 Nbd7 11. Bg5 0-0 12. Bxf6 Nxf6 13. Qd3 Qb6 14. Nd1 b4 15. axb4 Qxb4 16. Nec3 a5 17. Re1 Ba6 18. Qd2 Rac8 19. Ra4 Qb6 20. Qe3 Rc5 21. Ra3 Qc7 22. Qd2 Rb8 23. Ra2 Bc4 24. b3 Be6 25. Na4 Rc6 26. Ne3 Rb4 27. Nd5 Bxd5 28. exd5 Ra6 29. Re3 Nd7 30. Rc3 Qb7 31. Qe2 Ra8 32. Rc6 f5 33. Ra1 e4 34. Bf1 Ne5 35. Ra6 Nf3+ 36. Kh1 Nd4 37. Rxa8+ Qxa8 38. Qd2 Nf3 39. Qc3 Bf6 40. Qc6 Qd8 41. Rc1 Nd4 42. Qa6 Bg5 43. Rb1 Nxc2 44. Nc3 Nd4 45. Nb5 Nxb5 46. Bxb5 Qb8 47. Bd7 g6 48. Be6+ Kg7 49. h4 Bd2 50. Qxa5 e3 51. Qa1+ Kh6 52. fxe3 Rg4 53. Kh2 Bxe3 54. Qc3 Bd4 55. Qd2+ Kg7 56. b4 Be5 57. Rb3 Qd8 58. Qf2 Qxh4+ 59. Kg2 Rg5 60. Qe1 f4 61. g4 Qxe1 0-1

[Event "EU-ch (Women) 4th"]
[Site "Istanbul"]
[Date "2003.06.12"]
[Round "9"]
[White "Shukurova, Meihriban"]
[Black "Calotescu, Ana Cristina"]
[Result "1-0"]
[WhiteElo "2250"]
[BlackElo "2334"]
[PlyCount "95"]
[EventDate "2003.06.02"]
[EventType "swiss"]
[EventRounds "11"]
[EventCountry "TUR"]
[SourceTitle "CBM 094 Extra"]
[Source "ChessBase"]
[SourceDate "2003.07.09"]
[SourceVersion "2"]
[SourceVersionDate "2003.07.09"]
[SourceQuality "1"]

1. e4 c5 2. Nf3 d6 3. Nc3 g6 4. d4 cxd4 5. Nxd4 Bg7 6. g3 Nc6 7. Nde2 Nf6 8. Bg2 0-0 9. 0-0 Bd7 10. h3 Ne5 11. Kh2 Bc6 12. f4 Ned7 13. Be3 Nb6 14. b3 Rc8 15. Qd2 Qc7 16. Rac1 e6 17. a4 Nbd7 18. Rfd1 Ne8 19. Nd4 a6 20. Nce2 Qb8 21. c4 e5 22. Nxc6 bxc6 23. b4 Rd8 24. f5 gxf5 25. exf5 Qc8 26. b5 c5 27. Qa5 axb5 28. cxb5 Bf6 29. Bh6 Bg7 30. Bxg7 Nxg7 31. Rxd6 Nxf5 32. Rc6 Qb8 33. Ra6 e4 34. Nf4 Qe5 35. Qc3 Nd4 36. b6 h5 37. Qe3 Nf6 38. Ra5 Rc8 39. b7 Rc7 40. Rb1 Rb8 41. Nd3 Qd6 42. Qg5+ Kf8 43. Nxc5 Nf3+ 44. Bxf3 exf3 45. Ra8 Rc6 46. Rxb8+ Qxb8 47. Qf4 Rc7 48. Qxc7 1-0